000 00947nam0a22002651 4500
001 rc\534531
005 20250621122709.0
035 _a(NLR Aleph) 005772177
090 _a5043006
_c5043006
100 _a20030616d1987 |||y0rusy50 ca
101 0 _arus
102 _aRU
105 _aa |||||||||
200 1 _aРасчет диффузии в многосвязной области методом конечных суперэлементов
210 _aМ.
_cИПМ
_d1987
215 _a26 с.
_cил.
_d20
225 1 _aПрепринт
_fИн-т прикл. математики им. М.В. Келдыша АН СССР
_v№ 171
320 _aБиблиогр.: с. 26
700 1 _aСтраховская
_bЛ.Г.
_gЛюдмила Глебовна
701 1 _aФедоренко
_bР.П.
_gРадий Петрович
801 0 _aRU
_bNLR
_gpsbo
801 1 _aRU
_bELAR
_2rusmarc
852 _aNLR
_j88-4/15687
942 _cBOOK
980 _aNB